000 00667nam a2200205Ii 4500
001 3803
003 CO-ViMGA
008 241108s9999||||xx |||||||||||||| ||und||
040 _aCO-ViMGA
_bspa
_erda
_cCO-ViMGA
041 0 _aspa
082 0 4 _a350.082 C656
110 1 _aColombia. Ministerio de comercio exterior,
_952933
245 1 0 _aEl Nuevo camino al progreso:
_bUn mundo para Colombia memoria al congreso 1993-1994
264 1 _aBogotá, Colombia : Editorial Retina, 1994
300 _avolumen
336 _atext
_btxt
_2rdacontent
337 _aunmediated
_bn
_2rdamedia
338 _avolume
_bnc
_2rdacarrier
940 _aidficha_siabuc: 3714. -- ficha_no_siabuc:3803
999 _c48125
_d48125